000 00448nam a2200169Ia 4500
008 180921t2014 xxu||||| |||| 00| 0 sin d
041 _asin
080 _aX 92
_bMAL
100 _aMalalasekara, Mahinda P
245 _aමහාචාර්ය මලලසේකර
246 _aMahacharya Malalasekara
260 _bSarasavi
_aNugegoda
_c2014
300 _b79p, 21cm
942 _cBK
999 _c3479
_d3479
003 LK-CoDNM
040 _aLK-CoDNM
_dLK-CoDNM
_eLK-CoDNM